Una decada y pico: Textos de performance (Record no. 418)

MARC details
000 -LEADER
campo de control de longitud fija 00525nam a22001457a 4500
008 - DATOS DE LONGITUD FIJA--INFORMACIÓN GENERAL
campo de control de longitud fija 150209b xxu||||| |||| 00| 0 eng d
082 ## - NÚMERO DE LA CLASIFICACIÓN DECIMAL DEWEY
Número de clasificación 708
Número de ítem M468u
100 ## - ENTRADA PRINCIPAL--NOMBRE DE PERSONA
Nombre de persona Meyer, Monica
9 (RLIN) 2010
245 ## - MENCIÓN DEL TÍTULO
Título Una decada y pico: Textos de performance
Resto del título Un proyecto de arte conceptual aplicado de PINTO MI RAYA
Mención de responsabilidad, etc. Monica Meyer
260 ## - PUBLICACIÓN, DISTRIBUCIÓN, ETC.
Lugar de publicación, distribución, etc. México
Nombre del editor, distribuidor, etc. Ediciones al vapor.
Fecha de publicación, distribución, etc. 2001.
300 ## - DESCRIPCIÓN FÍSICA
Extensión sin paginación
Otras características físicas il.
Dimensiones 28 cm
440 ## - MENCIÓN DE SERIE/PUNTO DE ACCESO ADICIONAL--TÍTULO
Designación de volumen o secuencia 1 v
9 (RLIN) 2011
650 ## - PUNTO DE ACCESO ADICIONAL DE MATERIA--TÉRMINO DE MATERIA
Término de materia o nombre geográfico como elemento de entrada Performance
Subdivisión general Arte Conceptual
Subdivisión geográfica Mexico
9 (RLIN) 2012
700 ## - ENTRADA AGREGADA--NOMBRE PERSONAL
Nombre de persona Meyer, Monica
9 (RLIN) 2013
Holdings
Estatus retirado Estado de pérdida Fuente del sistema de clasificación o colocación Estado de daño No para préstamo Biblioteca de origen Biblioteca actual Ubicación en estantería Fecha de adquisición Total de préstamos Signatura topográfica completa Código de barras Visto por última vez Precio de reemplazo Tipo de ítem Koha
    Clasificación Decimal Dewey     Biblioteca LadoV Biblioteca LadoV   09/02/2015   708 M468u 000335 09/02/2015 09/02/2015 Material 01